| 000 | 00800nam a2200205Ii 4500 | ||
|---|---|---|---|
| 003 | JO-AjNU | ||
| 008 | 230605s9999||||xx |||||||||||||| ||und|| | ||
| 040 |
_aJO-AjNU _bara _erda _cJO-AjNU |
||
| 041 | _aara | ||
| 050 | 1 | 4 | _aHF5415.13.D36 2018 |
| 100 | 3 |
_aألدعمي، علاء فرحان طالب /م.مشارك فاطمة عبد علي سلمان المسعودي, _eauthor _957997 |
|
| 245 | 0 | 0 | _aالمعرفة السوقية والقرارات الإستراتيجية |
| 250 | _aط1 | ||
| 264 | 3 | 1 | _aعمان: دار صفاء للطباعة والنشر والتوزيع، 2018 |
| 300 | _a256ص | ||
| 336 |
_atext _btxt _2rdacontent |
||
| 337 |
_aunmediated _bn _2rdamedia |
||
| 338 |
_avolume _bnc _2rdacarrier |
||
| 650 | 4 |
_aإدارة التسويق - إدارة المبيعات _957998 |
|
| 999 |
_aA26022 _c29590 _d29590 |
||